Normal view
MARC view
Entry Personal Name
001 - CONTROL NUMBER
- control field: 804325
003 - CONTROL NUMBER IDENTIFIER
- control field:
005 - DATE AND TIME OF LATEST TRANSACTION
- control field: 20210627055956.0
008 - FIXED-LENGTH DATA ELEMENTS
- fixed length control field: 210627|| aca||aabn | a|a d
040 ## - CATALOGING SOURCE
- Original cataloging agency:
- Transcribing agency:
100 ## - HEADING--PERSONAL NAME
- Personal name: Stephenson, J.
- Fuller form of name: (John),
- Dates associated with a name: 1871-1933
670 ## - SOURCE DATA FOUND
- Source citation: Work cat.: ()672467: Stephenson, J. (John), 1871-1933, The fauna of British India, including Ceylon and Burma :, 1923
